000 00606nam a2200241 a 4500
001 nice12345678
003 IN_TiNIC
005 20260116013011.0
008 050524s1924 lona grp 000 0 eng
020 _a
_c100
082 0 0 _a225.52
_bLUT
100 _aLuther, Martin
245 _aNew Testament.
260 _aLondon
_bBritish and Foreign Bible Society
_c1924
300 _a800p
500 _aincludes index and biblioraphy
505 2 _aNew Testament, English and German
650 _aBible-New Testament
700 1 _aLuther, Martin
902 _bSRS
942 _cBK
999 _c9223
_d9223